<?xml version="1.0" encoding="UTF-8"?><?xml-stylesheet type="text/xsl" href="static/style.xsl"?><OAI-PMH xmlns="http://www.openarchives.org/OAI/2.0/" xmlns:xsi="http://www.w3.org/2001/XMLSchema-instance" xsi:schemaLocation="http://www.openarchives.org/OAI/2.0/ http://www.openarchives.org/OAI/2.0/OAI-PMH.xsd"><responseDate>2026-06-06T02:46:15Z</responseDate><request verb="GetRecord" identifier="oai:riuma.uma.es:10630/20746" metadataPrefix="marc">https://riuma.uma.es/rest/oai/request</request><GetRecord><record><header><identifier>oai:riuma.uma.es:10630/20746</identifier><datestamp>2026-02-03T10:21:58Z</datestamp><setSpec>com_10630_1685</setSpec><setSpec>col_10630_38055</setSpec></header><metadata><record xmlns="http://www.loc.gov/MARC21/slim" xmlns:dcterms="http://purl.org/dc/terms/" xmlns:doc="http://www.lyncode.com/xoai" xmlns:xsi="http://www.w3.org/2001/XMLSchema-instance" xsi:schemaLocation="http://www.loc.gov/MARC21/slim http://www.loc.gov/standards/marcxml/schema/MARC21slim.xsd">
   <leader>00925njm 22002777a 4500</leader>
   <datafield ind2=" " ind1=" " tag="042">
      <subfield code="a">dc</subfield>
   </datafield>
   <datafield ind2=" " ind1=" " tag="720">
      <subfield code="a">Egea Jurado, Elisa</subfield>
      <subfield code="e">author</subfield>
   </datafield>
   <datafield ind2=" " ind1=" " tag="260">
      <subfield code="c">2021-01-18</subfield>
   </datafield>
   <datafield ind2=" " ind1=" " tag="520">
      <subfield code="a">Mi interés por explorar varios grados de representación y utilizar el collage como proceso creativo, ha favorecido que la formalización del proyecto conste de varias piezas en distintas técnicas: - El elemento principal es el juego interactivo 3D, sPACING oUT, un laberinto de habitaciones formado por varias capas de representación tratadas de manera pictórica. El usuario puede recorrer estas habitaciones descubriendo una narrativa silenciada.&#xd;
- Un vídeo, Staring Into Space, que responde a una aproximación al interactivo sPACING oUT mediante la grabación de un recorrido por este espacio. Se ha añadido una voz en off y banda sonora generando una narración concreta y cerrada con un principio y un final.&#xd;
- Material gráfico, conformado por dibujos, capturas de pantalla y collages. Parte de esta producción procede del desarrollo del proyecto como bocetos o documentación, que durante el proceso han adquirido autonomía.&#xd;
Me gustaría comentar que este TFG resulta el germen y la primera etapa de un proyecto mucho mayor, adaptado en estos momentos a la situación que estamos viviendo. El juego está pensado para su continuación, añadiendo salas y plantas y ampliando el recorrido. Así como mantener la práctica pictórica en torno a estos espacios.</subfield>
   </datafield>
   <datafield ind1="8" ind2=" " tag="024">
      <subfield code="a">https://hdl.handle.net/10630/20746</subfield>
   </datafield>
   <datafield tag="653" ind2=" " ind1=" ">
      <subfield code="a">Bellas Artes - Trabajos Fin de Grado</subfield>
   </datafield>
   <datafield tag="653" ind2=" " ind1=" ">
      <subfield code="a">Grado en Bellas Artes - Trabajos Fin de Grado</subfield>
   </datafield>
   <datafield tag="653" ind2=" " ind1=" ">
      <subfield code="a">Arte</subfield>
   </datafield>
   <datafield ind2="0" ind1="0" tag="245">
      <subfield code="a">Spacing out</subfield>
   </datafield>
</record>
</metadata></record></GetRecord></OAI-PMH>